| 000 | 00609nam a2200121 4500 | ||
|---|---|---|---|
| 082 | _a621.36,BEN | ||
| 100 |
_aLe Nguyen Binh _9102973 |
||
| 245 | _aPhotonic signal processing techniques and applications / | ||
| 260 |
_aCRC Press _bCRC Press _c2008 |
||
| 300 | _axix : 353 p. | ||
| 505 | _aPrinciples Photonic Devices for Processing (Page-1), Incoherence and Coherence in Photonic Signal Processing (Page-71), Photonic Computing Procssors (Page-89), Ultra Pulse Photonic Generations (Page-159), Dispersion Compensation Using Photonic Filters (Page-235), Tunable Optical Filters (Page-325). | ||
| 942 |
_2ddc _cBK |
||
| 999 |
_c592378 _d592378 |
||